000 01644nam a22001457a 4500
999 _c526599
_d526599
008 240613b ||||| |||| 00| 0 eng d
100 _a Fleischer, Julia and Wanckel, Camilla
_953565
245 _aCreativity in policy capacity: Organizational and individual determinants
260 _aPublic Administration Review
300 _a84(2), Mar-Apr, 2024: p.218-232
520 _aCreativity is a crucial part of policy capacity in governments. Existing studies on creative behavior in the public sector assess employees' openness to new ideas and creative solutions, and they confirm the relevance of organizational and individual determinants for pro-creativity attitudes. Yet we lack systemic evidence on the explicit level of work-related creativity among policy officials in government organizations. At the same time, novel technologies and particularly social networking services change the working environment of policy officials radically, alter organizational features, and may also yield crucial individual effects. Our study analyses “policy creativity” of policy officials in three European governments. We demonstrate the importance of organizational and individual features, including the stress triggered by using social networking services. Our study captures officials' creativity explicitly and adds to debates on creativity and innovation in the public sector as well as the micro-level foundations of the digital transformation in the public sector.- Reproduced https://onlinelibrary.wiley.com/doi/10.1111/puar.13676
773 _aPublic Administration Review
906 _aPUBLIC ADMINISTRATION
942 _cAR